MARC

LEADER 00000nam0a2200000 4500
001 371662
005 20231102012412.0
035 |a (RuTPU)RU\TPU\retro\29072 
090 |a 371662 
100 |a 20221101d1978 m y0rusy50 ca 
101 0 |a rus 
102 |a RU 
105 |a a z 001zy 
200 1 |a Модель АСУ промышленным предприятием  |f под ред. В. Ю. Бунакова 
210 |a Москва  |c Статистика  |d 1978 
215 |a 126 с.  |c ил. 
320 |a Библиогр.: с. 125 
606 1 |a Автоматизированные системы планирования и управления предприятием  |x Моделирование  |2 stltpush  |3 (RuTPU)RU\TPU\subj\667  |9 29501 
610 1 |a промышленные предприятия 
610 1 |a АСУ 
610 1 |a информационная база 
610 1 |a модели 
610 1 |a управление 
610 1 |a автоматизированные функции 
610 1 |a программные комплексы 
675 |a 658.012.011.56.001.5  |v 4 
702 1 |a Бунаков  |b В. Ю.  |4 340 
801 1 |a RU  |b 63413507  |c 20221101 
801 2 |a RU  |b 63413507  |c 20221110  |g RCR 
942 |c BK